000 00480nam a2200193Ia 4500
005 20250326123825.0
008 250326s9999 xx 000 0 und d
037 _aTextbook
040 _aFMSL
_beng
_cFMSL
041 _aeng
_2eng
084 _aS:73 K6
_qFMSL
100 _aAnastasi A
245 0 _aPsychological testing
_cAnastasi A
250 _a2
260 _aNY
_bNY, McMillan
_c1966
300 _a654p
942 _cTB
_hS:73 K6
999 _c1271098
_d1271098